[Event "World op 23rd"]
[Site "Philadelphia"]
[Date "1995.??.??"]
[Round "3"]
[White "Meeres, Mark"]
[Black "De Fotis, Gary"]
[Result "1-0"]
[WhiteElo "2290"]
[BlackElo "2325"]
[PlyCount "59"]
[EventDate "1995.06.??"]
[EventType "swiss"]
[EventRounds "9"]
[EventCountry "USA"]
[SourceTitle "EXT 2000"]
[Source "ChessBase"]
[SourceDate "1999.11.16"]
[SourceVersion "1"]
[SourceVersionDate "1999.11.16"]
[SourceQuality "1"]

1. e4 c5 2. Nf3 d6 3. d4 cxd4 4. Nxd4 Nf6 5. Nc3 a6 6. Be2 e5 7. Nb3 Be7 8. g4 Be6 9. g5 Nfd7 10. h4 Nc6 11. Be3 Rc8 12. Nd5 Bxd5 13. exd5 Na5 14. Nd2 b5 15. b3 Qc7 16. a4 Rb8 17. Ne4 f5 18. gxf6 gxf6 19. axb5 axb5 20. Qd2 b4 21. Bh5+ Kd8 22. Ra4 Kc8 23. Bg4 Rb7 24. Rxb4 Rxb4 25. Qxb4 Qxc2 26. Qxa5 Qxe4 27. Qa8+ Kc7 28. Qa7+ Kc8 29. Qxd7+ Kb8 30. Qa7# 1-0

[Event "World op 20th"]
[Site "Philadelphia"]
[Date "1992.??.??"]
[Round "2"]
[White "Dzindzichashvili, Roman"]
[Black "Meeres, Mark"]
[Result "1-0"]
[WhiteElo "2560"]
[BlackElo "2280"]
[PlyCount "95"]
[EventDate "1992.06.??"]
[EventType "swiss"]
[EventRounds "9"]
[EventCountry "USA"]
[SourceTitle "TD"]
[Source "ChessBase"]
[SourceDate "1994.03.01"]
[SourceVersion "1"]
[SourceVersionDate "1994.03.01"]
[SourceQuality "1"]

1. e4 c5 2. Nf3 d6 3. d4 cxd4 4. Nxd4 Nf6 5. Nc3 g6 6. Be2 Bg7 7. 0-0 Nc6 8. Be3 0-0 9. Nb3 Be6 10. f4 Qd7 11. Kh1 Bg4 12. Bf3 Rac8 13. a3 Rfd8 14. Bg1 b6 15. h3 Bxf3 16. Qxf3 Na5 17. Nxa5 bxa5 18. e5 Ne8 19. Rad1 Rb8 20. b3 Qb7 21. Qxb7 Rxb7 22. Bd4 Rc8 23. Rf2 dxe5 24. fxe5 Nc7 25. Na4 Ne6 26. Bb2 Bh6 27. Rd5 Be3 28. Rf3 Bb6 29. c4 Ng5 30. Rfd3 Ne4 31. Kh2 e6 32. Nxb6 axb6 33. Rd8+ Rxd8 34. Rxd8+ Kg7 35. b4 f5 36. exf6+ Nxf6 37. b5 Kf7 38. Be5 Nd7 39. Rh8 h5 40. Rh7+ Ke8 41. Bd6 Nc5 42. Rh8+ Kd7 43. Bxc5 bxc5 44. Rh7+ Kc8 45. Rxb7 Kxb7 46. Kg3 Kc7 47. Kf4 Kd6 48. h4 1-0